[Event "Dortmund-A"]
[Site "Dortmund"]
[Date "1990.??.??"]
[Round "?"]
[White "Wahls, Matthias"]
[Black "Boensch, Uwe"]
[Result "1-0"]
[WhiteElo "2565"]
[BlackElo "2530"]

1.e4 c5 2.Nf3 Nc6 3.d4 cxd4 4.Nxd4 Qb6 5.Nb3 Nf6 6.Nc3 e6 7.a3 a6 8.Bf4 e5
9.Bg5 Be7 10.Be2 O-O 11.O-O Qd8 12.Qd3 Ne8 13.Be3 d6 14.Nd5 Be6 15.Bb6 Qd7
16.c4 Bd8 17.Be3 Ne7 18.f3 Bxd5 19.exd5 Nf5 20.Bf2 a5 21.f4 exf4 22.Bg4 g6
23.Bxf5 Qxf5 24.Qxf5 gxf5 25.Nd4 Bf6 26.a4 Ng7 27.Rab1 Be5 28.Rfe1 Rfc8 29.b3 f6
30.Rbd1 Kf7 31.Nb5 Ke7 32.Rd3 Kd7 33.Rh3 h5 34.Rf1 Re8 35.Be1 Re7 36.Bd2 b6
37.Rhf3 Rae8 38.Kh1 h4 39.Bxf4 Bxf4 40.Rxf4 Re4 41.Kg1 Rxf4 42.Rxf4 Re4 43.Rf3 f4
44.Kf2 Nf5 45.Nc3 Re3 46.Ne2 Rxf3+ 47.Kxf3 Ne3 48.h3 Ke7 49.Nxf4 Nc2 50.Ne2 f5
51.g4 hxg3 52.Nxg3 Kf6 53.Kf4 Nd4 54.h4 Nxb3 55.Nxf5 Nc5 56.Nxd6 Nxa4 57.Ke4 Nc5+
58.Kd4 Nd7 59.Nb5 Ne5 60.h5 Nf7 61.Nc3  1-0

[Event "Dortmund-A"]
[Site "Dortmund"]
[Date "1990.??.??"]
[Round "?"]
[White "Wahls, Matthias"]
[Black "Bischoff, Klaus"]
[Result "1-0"]
[WhiteElo "2565"]
[BlackElo "2505"]

1.e4 c5 2.Nf3 Nc6 3.Bb5 Qb6 4.Ba4 g6 5.O-O Bg7 6.c3 e5 7.d3 Nge7 8.Be3 d5
9.b4 d4 10.bxc5 Qxc5 11.cxd4 exd4 12.Bf4 h6 13.Nbd2 O-O 14.Rc1 Qh5 15.Bb3 g5
16.Bd6 g4 17.Ne1 Qg6 18.Ba3 Be6 19.f4 gxf3 20.Nexf3 Rac8 21.Nc4 Rfd8 22.Qe1 Qh5
23.Nd6 Rb8 24.Rc5 Ne5 25.Nxe5 Bxe5 26.Rxe5 Qxe5 27.Nxf7  1-0

[Event "Dortmund-A"]
[Site "Dortmund"]
[Date "1990.??.??"]
[Round "?"]
[White "Stohl, Igor"]
[Black "Kindermann, Stefan"]
[Result "1/2-1/2"]
[WhiteElo "2530"]
[BlackElo "2560"]

1.Nf3 g6 2.e4 Bg7 3.d4 d6 4.Be2 Nf6 5.Nc3 O-O 6.O-O Bg4 7.Be3 Nc6 8.d5 Bxf3
9.Bxf3 Ne5 10.Be2 c6 11.a4 Qa5 12.Ra3 Rfc8  1/2-1/2

[Event "Dortmund-A"]
[Site "Dortmund"]
[Date "1990.??.??"]
[Round "?"]
[White "Stohl, Igor"]
[Black "Gelfand, Boris"]
[Result "1/2-1/2"]
[WhiteElo "2530"]
[BlackElo "2615"]

1.Nf3 g6 2.e4 Bg7 3.d4 d6 4.Nc3 Nf6 5.Be2 O-O 6.O-O c6 7.h3 Nbd7 8.e5 Ne8
9.Re1 dxe5 10.dxe5 Nc7 11.Bf1 Ne6 12.a4 Qc7 13.Qe2 a5 14.b3 b6 15.Qe3 Ba6
16.Bxa6 Rxa6 17.Bb2 Raa8 18.Ne2 Rfd8 19.Ned4 Ndc5 20.Rad1 Rab8 21.Nxe6 Nxe6
22.Nd4 Qxe5 23.Qc1 Qf6 24.Nxe6 Rxd1 25.Qxd1 Qxb2 26.Nxg7 Kxg7 27.Rxe7 Qf6
28.Re3 Rd8 29.Rd3 Rxd3 30.Qxd3 Qa1+ 31.Kh2 Qe5+ 32.g3 b5 33.Kg2 h5 34.Qf3 Qc5
35.Qe4 Qc3 36.g4 hxg4 37.hxg4 bxa4 38.bxa4 c5 39.f3 Kf6 40.f4 Qd2+  1/2-1/2

[Event "Dortmund-A"]
[Site "Dortmund"]
[Date "1990.??.??"]
[Round "?"]
[White "Stohl, Igor"]
[Black "Chernin, Alexander"]
[Result "1/2-1/2"]
[WhiteElo "2530"]
[BlackElo "2600"]

1.d4 d5 2.c4 c6 3.Nc3 Nf6 4.Nf3 dxc4 5.a4 Na6 6.e4 Bg4 7.Bxc4 e6 8.Be3 Nb4
9.O-O Be7 10.Rc1 Bh5 11.h3 h6 12.g4 Bg6  1/2-1/2

[Event "Dortmund-A"]
[Site "Dortmund"]
[Date "1990.??.??"]
[Round "?"]
[White "Stohl, Igor"]
[Black "Browne, Walter S"]
[Result "1/2-1/2"]
[WhiteElo "2530"]
[BlackElo "2560"]

1.Nf3 c5 2.c4 Nf6 3.Nc3 e6 4.g3 b6 5.Bg2 Bb7 6.O-O Be7 7.d4 cxd4 8.Qxd4 d6
9.b3 Nbd7 10.Nb5 Nc5 11.Rd1 d5 12.cxd5 exd5 13.Bh3 O-O 14.Bf5 Nce4 15.Qb2 Bc5
16.Nbd4 Qe7 17.a3  1/2-1/2

[Event "Dortmund-A"]
[Site "Dortmund"]
[Date "1990.??.??"]
[Round "?"]
[White "Polgar, Zsuzsa"]
[Black "Gelfand, Boris"]
[Result "1/2-1/2"]
[WhiteElo "2500"]
[BlackElo "2615"]

1.d4 Nf6 2.Nf3 g6 3.c4 Bg7 4.g3 O-O 5.Bg2 d5 6.cxd5 Nxd5 7.O-O Nb6 8.Nc3 Nc6
9.e3 Re8 10.d5 Na5 11.Nd4 Bd7 12.Qe2 c6 13.dxc6 Nxc6 14.Nxc6 Bxc6 15.Bxc6 bxc6
16.Rd1 Qc8 17.Bd2 Qe6 18.Be1 a5 19.Rac1  1/2-1/2

[Event "Dortmund-A"]
[Site "Dortmund"]
[Date "1990.??.??"]
[Round "?"]
[White "Polgar, Zsuzsa"]
[Black "Browne, Walter S"]
[Result "1/2-1/2"]
[WhiteElo "2500"]
[BlackElo "2560"]

1.d4 Nf6 2.Nf3 e6 3.Bf4 c5 4.e3 Qb6 5.Nc3 a6 6.a3 Nh5 7.Bg5 h6 8.Bh4 g5 9.Ne5 gxh4
10.Qxh5 Qxb2 11.Qxf7+ Kd8 12.Qf6+ Kc7 13.Kd2 cxd4 14.exd4 Qxa1 15.Nc4 Nc6
16.d5 Bxa3 17.Nxa3 Qxa3 18.Qxh8 Qd6 19.Qxh6 exd5 20.Qxd6+ Kxd6 21.g3 b5 22.Bg2 Bb7
23.f4 Na5 24.Kc1 Nc4 25.Bf3 Re8 26.Rd1 Ne3 27.Rd3 Kc5 28.gxh4 Bc6 29.Ne2 Nf5
30.h5 d4 31.Ng3 Nh6 32.f5 Rf8 33.Kb2 b4 34.Be4 Bxe4 35.Nxe4+ Kd5 36.Ng3 Ke5
37.Rf3 a5 38.Kb3 Ng4 39.h3 Nf6 40.Rf1 d5 41.Rd1 Ne4 42.Ne2 Nc5+ 43.Kb2 d3
44.cxd3 d4 45.h6 Rxf5 46.Rg1 Rh5 47.h7 Rxh7 48.Rg5+ Kd6 49.Nxd4 Nxd3+ 50.Kb3 Ne5
51.h4 Rf7 52.Ka4 Rf4 53.Nb3 Rxh4 54.Nxa5 Nd3 55.Rg3 Nc5+ 56.Kb5 Ne4 57.Rg6+ Kd5
58.Kxb4  1/2-1/2

[Event "Dortmund-A"]
[Site "Dortmund"]
[Date "1990.??.??"]
[Round "?"]
[White "Polgar, Zsuzsa"]
[Black "Bischoff, Klaus"]
[Result "1/2-1/2"]
[WhiteElo "2500"]
[BlackElo "2505"]

1.d4 e6 2.Nf3 Nf6 3.e3 b6 4.Bd3 Bb7 5.O-O c5 6.c4 Be7 7.Nc3 cxd4 8.exd4 d5
9.cxd5 Nxd5 10.Ne5 O-O 11.Qg4 f5 12.Qe2 Bf6 13.Bc4 Re8 14.Rd1 Nd7 15.Bxd5 exd5
16.Bf4 Nf8 17.Qd3 g5 18.Qg3 Ne6 19.Nd3 Bxd4 20.Re1  1/2-1/2

[Event "Dortmund-A"]
[Site "Dortmund"]
[Date "1990.??.??"]
[Round "?"]
[White "Lobron, Eric"]
[Black "Wahls, Matthias"]
[Result "1/2-1/2"]
[WhiteElo "2545"]
[BlackElo "2565"]

1.d4 Nf6 2.c4 e6 3.Nf3 c5 4.d5 exd5 5.cxd5 d6 6.Nc3 g6 7.g3 Bg7 8.Bg2 O-O
9.O-O Re8 10.h3 a6 11.a4 Nbd7 12.Bf4 Qe7 13.e4 Rb8 14.Re1 Nh5 15.Bg5 Qf8
16.g4 Nhf6 17.Bf4 Ne5 18.Nxe5 dxe5 19.Be3 b6 20.Qd3 Qd6 21.Bf1 h5 22.f3 Nh7
23.Re2 Bf6 24.Qd2 Kh8 25.Rc1 Bd7 26.Rg2 Ra8 27.b3 Reb8 28.Nb1 Be7 29.Kh1 Qf6
30.d6 Bxd6 31.Rd1 Bf8 32.Qf2 Be6 33.Bc4 b5 34.Bd5 Bxd5 35.exd5 bxa4 36.bxa4 Rb3
37.gxh5 Qf5 38.Nd2 Rd3 39.hxg6 fxg6 40.Rdg1 Qxh3+ 41.Rh2 Qf5 42.Rg5 Qf7 43.Nc4 Rxd5
44.Rg4 Ra7 45.Qg3 Qf5 46.Bg1 Qe6 47.Rb2 Nf6 48.Rxg6 Rh7+ 49.Kg2 Qf7 50.Be3 e4
51.fxe4 Rdh5 52.Bg1 Nxe4 53.Ne5 Nxg3 54.Nxf7+ Rxf7 55.Rxg3 Bg7 56.Rb8+ Kh7
57.Rc8 Rff5 58.Rc6 Rhg5 59.Rxg5 Rxg5+ 60.Kf1 Rg4 61.Rxa6 c4 62.Rc6 c3 63.Be3 Rxa4
64.Ke2  1/2-1/2

[Event "Dortmund-A"]
[Site "Dortmund"]
[Date "1990.??.??"]
[Round "?"]
[White "Lobron, Eric"]
[Black "Stohl, Igor"]
[Result "1/2-1/2"]
[WhiteElo "2545"]
[BlackElo "2530"]

1.e4 c6 2.d4 d5 3.Nc3 dxe4 4.Nxe4 Nd7 5.Bc4 Ngf6 6.Ng5 Nd5 7.N1f3 N7b6 8.Bb3 h6
9.Ne4 Bf5 10.Ng3 Bh7 11.O-O e6 12.Ne5 Nd7 13.Qe2 Nxe5 14.dxe5 Qc7 15.Bd2 O-O-O
16.a4 Bc5 17.Qc4 Be7 18.a5 a6 19.Rfe1 Bg5 20.f4 Bh4 21.Re2 Bxg3 22.hxg3 Bf5
23.Qc5 Bg4 24.Ree1 Ne7 25.Qf2 Nf5 26.Bc4 h5 27.Bd3 h4 28.Bxf5 hxg3 29.Qxg3 Bxf5
30.Be3 Qe7 31.Bb6 Rd5 32.c4 Rd3 33.Re3 Rd7 34.b4 Qh4 35.Qxh4 Rxh4 36.Rf1 Rg4
37.g3 g5 38.Rff3 gxf4 39.Rxf4 Rg8 40.Rf2 Rd1+ 41.Rf1 Rxf1+  1/2-1/2

[Event "Dortmund-A"]
[Site "Dortmund"]
[Date "1990.??.??"]
[Round "?"]
[White "Lobron, Eric"]
[Black "Polgar, Zsuzsa"]
[Result "0-1"]
[WhiteElo "2545"]
[BlackElo "2500"]

1.d4 d5 2.c4 e6 3.Nf3 Nf6 4.Bg5 Bb4+ 5.Nc3 dxc4 6.e4 c5 7.Bxc4 cxd4 8.Nxd4 Bxc3+
9.bxc3 Qa5 10.Bb5+ Nbd7 11.Bxf6 Qxc3+ 12.Kf1 gxf6 13.Nxe6 Qe5 14.Ng7+ Kf8
15.Nf5 Qxb5+ 16.Kg1 Qe5 17.h4 Rg8 18.Rh3 Rg6 19.Rc1 Nb6 20.Qd8+ Qe8 21.Qd6+ Kg8
22.Re3 Be6 23.h5 Rg5 24.Ne7+ Kh8 25.Rc7 Qd8 26.Qf4 Qd1+ 27.Kh2 Qxh5+ 28.Kg1 Qd1+
29.Kh2 Qd4 30.Rxb7 Qe5 31.Qxe5 fxe5 32.Ra3 Nc8 33.Nc6 Nd6 34.Re7 Rc8 35.Nxa7 Rh5+
36.Kg3 Rg8+ 37.Kf3 Bg4+ 38.Kg3  0-1

[Event "Dortmund-A"]
[Site "Dortmund"]
[Date "1990.??.??"]
[Round "?"]
[White "Kindermann, Stefan"]
[Black "Wahls, Matthias"]
[Result "0-1"]
[WhiteElo "2560"]
[BlackElo "2565"]

1.g3 g6 2.Bg2 Bg7 3.e4 c5 4.d3 Nc6 5.f4 d6 6.Nf3 e6 7.O-O Nge7 8.c3 O-O 9.Na3 Rb8
10.d4 cxd4 11.cxd4 b5 12.Nc2 b4 13.b3 a5 14.Re1 Na7 15.Bb2 Ba6 16.Qd2 Qb6
17.Ne3 Rfc8 18.f5 exf5 19.exf5 Re8 20.Kh1 Nb5 21.fxg6 hxg6 22.Nc4 Qc7 23.Rac1 Nd5
24.Ne3 Ndc3 25.a4 Na7 26.Nd5 Qb7 27.Nxc3 Rxe1+ 28.Qxe1 bxc3 29.Rxc3 Qd7 30.Qc1 Bb7
31.Rc7 Qf5 32.Qd1 Bd5 33.Rc3 Rxb3 34.Rxb3 Bxb3 35.Qe1 Bxa4 36.Bc3 Bc6 37.Nh4 Bxg2+
38.Nxg2 a4 39.Nf4 Nb5 40.Qe8+ Kh7  0-1

[Event "Dortmund-A"]
[Site "Dortmund"]
[Date "1990.??.??"]
[Round "?"]
[White "Kindermann, Stefan"]
[Black "Polgar, Zsuzsa"]
[Result "1/2-1/2"]
[WhiteElo "2560"]
[BlackElo "2500"]

1.g3 c5 2.Bg2 Nc6 3.e4 g6 4.d3 Bg7 5.f4 d6 6.Nf3 e5 7.O-O Nge7 8.c3 h6 9.Na3 Be6
10.Be3 exf4 11.Bxf4 g5 12.Be3 f5 13.exf5 Nxf5 14.Qe2 Qe7 15.Rae1 Nd8 16.d4 O-O
17.dxc5 dxc5 18.Bf2 Qc7 19.Nb5 Qc8 20.g4 Ne7 21.Bg3 Nd5 22.Ne5 Nf4 23.Bxf4 Rxf4
24.Rxf4 gxf4 25.Qd2 c4 26.Qxf4 Qc5+ 27.Nd4 Nf7 28.Ng6 Re8 29.Kh1 Bxd4 30.cxd4 Qg5
31.Qxg5 hxg5 32.Kg1 Kg7 33.Ne5 Rd8 34.Nxf7 Kxf7 35.Re4 Bd5 36.Re2 Bxg2 37.Kxg2 Rxd4
38.h3 b5 39.Kf3 Kf6 40.Rc2 Ke5 41.Re2+ Kd5 42.Re7 Rd3+ 43.Ke2 Rxh3 44.Kd2 Rh2+
45.Kc3 a5 46.Rd7+ Kc5 47.Rc7+ Kd5 48.Rd7+ Kc6 49.Rg7 b4+ 50.Kxc4 Rxb2 51.Rg6+ Kd7
52.Rg7+ Ke6 53.Rg6+ Kf7 54.Rxg5 Rxa2 55.Kb3 Ra3+ 56.Kb2 Ke6 57.Rf5 a4 58.Rb5 Rb3+
59.Ka2 Kd6 60.g5 Kc6 61.Rb8 Kc5 62.Rc8+ Kd4 63.Rd8+  1/2-1/2

[Event "Dortmund-A"]
[Site "Dortmund"]
[Date "1990.??.??"]
[Round "?"]
[White "Kindermann, Stefan"]
[Black "Chernin, Alexander"]
[Result "0-1"]
[WhiteElo "2560"]
[BlackElo "2600"]

1.e4 e6 2.d4 d5 3.Nc3 Nf6 4.Bg5 dxe4 5.Nxe4 Be7 6.Bxf6 Bxf6 7.Nf3 O-O 8.Qd2 b6
9.O-O-O Bb7 10.Qf4 Nd7 11.Bc4 Bxe4 12.Qxe4 Be7 13.Ne5 Nf6 14.Qf3 Nd5 15.Kb1 Qd6
16.Rhe1 a6 17.Bd3 b5 18.Qh3 g6 19.Qf3 Bf6 20.h4 Bg7 21.h5 c5 22.Qh3 Nf4 23.Qg4 Nxh5
24.dxc5 Qc7 25.f4 Qxc5 26.Qf3 Rad8 27.g4 Nf6 28.Rh1 Nd5 29.Rde1 h6 30.g5 h5
31.Rxh5 Nxf4 32.Qxf4 Bxe5 33.Qe4 Rxd3 34.cxd3 gxh5 35.Qxe5 Qxe5 36.Rxe5 Kg7  0-1

[Event "Dortmund-A"]
[Site "Dortmund"]
[Date "1990.??.??"]
[Round "?"]
[White "Kindermann, Stefan"]
[Black "Brunner, Lucas"]
[Result "1-0"]
[WhiteElo "2560"]
[BlackElo "2525"]

1.e4 e5 2.Nf3 Nc6 3.Bb5 Nf6 4.O-O Nxe4 5.d4 Nd6 6.Bxc6 dxc6 7.dxe5 Nf5 8.Qxd8+ Kxd8
9.Nc3 h6 10.h3 Ke8 11.b3 Bb4 12.Ne4 Be6 13.c4 Rd8 14.Bb2 Rd3 15.Rfd1 Rxf3
16.gxf3 Nh4 17.Rd3 Bxh3 18.c5 Bf5 19.Rad1 Nxf3+ 20.Rxf3 Bxe4 21.Rf4 Bc2 22.Rdd4 a5
23.a3 Bxc5 24.Rc4 Bxf2+ 25.Kxf2 Bxb3 26.Rc5 b6 27.Rxc6 Kd7 28.Rc3 Be6 29.Rd4+ Kc8
30.Bc1 g5 31.Rd1 Rg8 32.Rh1 Rg6 33.Kg3 Kd7 34.Rh2 Bd5 35.Kg4 c6 36.Rf2 Ke6
37.Re3 Ke7 38.Bb2 Be6+ 39.Kh5 g4 40.Rg3 b5 41.Bd4 Kd7 42.Rf6 Rxf6 43.exf6 Kd6
44.Bc3 a4 45.Rd3+ Kc5 46.Bb4+ Kb6 47.Kxh6 Bc4 48.Rd4 g3 49.Rg4 c5 50.Bc3  1-0

[Event "Dortmund-A"]
[Site "Dortmund"]
[Date "1990.??.??"]
[Round "?"]
[White "Kindermann, Stefan"]
[Black "Bischoff, Klaus"]
[Result "1/2-1/2"]
[WhiteElo "2560"]
[BlackElo "2505"]

1.e4 e5 2.Nf3 Nc6 3.Bb5 a6 4.Ba4 Nf6 5.O-O Be7 6.Re1 b5 7.Bb3 d6 8.c3 O-O
9.h3 Na5 10.Bc2 c5 11.d4 Qc7 12.Nbd2 Bd7 13.Nf1 Nc4 14.Ne3 Nxe3 15.Bxe3 g6
16.Nh2 Rfe8 17.d5 Bf8 18.Ng4 Bg7 19.Nh6+ Kf8 20.Qf3 Reb8 21.Bg5 Be8 22.Bxf6 Bxh6
23.h4 Bg7 24.h5 Kg8 25.Bxg7 Kxg7 26.g3  1/2-1/2

[Event "Dortmund-A"]
[Site "Dortmund"]
[Date "1990.??.??"]
[Round "?"]
[White "Chernin, Alexander"]
[Black "Polgar, Zsuzsa"]
[Result "1-0"]
[WhiteElo "2600"]
[BlackElo "2500"]

1.c4 e5 2.g3 c5 3.Bg2 Nc6 4.Nc3 g6 5.a3 a5 6.e3 Bg7 7.Nge2 Nge7 8.O-O d6
9.Nd5 Be6 10.Nec3 O-O 11.d3 Rb8 12.Bd2 f5 13.Rb1 h6 14.b4 axb4 15.axb4 Nxb4
16.Nxb4 cxb4 17.Nb5 d5 18.Bxb4 Rf7 19.Bd6 Rc8 20.c5 Qd7 21.d4 e4 22.Bxe7 Rxe7
23.Nd6 Rc7 24.Rb6 Bf8 25.Qb3 Rg7 26.f3 Kh7 27.Rb1 Bxd6 28.Rxd6 Qf7 29.fxe4 fxe4
30.Bxe4 Rd7 31.Bg2 Qe7 32.Qb6 Bf5 33.Re1 Be4 34.Re6 Qf8 35.Bxe4 dxe4 36.Rf1 Rdf7
37.Ref6 Rxf6 38.Qxf6 Qc8 39.Rf4 Qe8 40.Qf8 Qb5 41.Rf2 b6 42.cxb6 Qxb6 43.h4 h5
44.Kg2 Qb3 45.Qf4 Qe6 46.g4 hxg4 47.Kg3 Re7  1-0

[Event "Dortmund-A"]
[Site "Dortmund"]
[Date "1990.??.??"]
[Round "?"]
[White "Chernin, Alexander"]
[Black "Lobron, Eric"]
[Result "1-0"]
[WhiteElo "2600"]
[BlackElo "2545"]

1.d4 e6 2.c4 c5 3.d5 exd5 4.cxd5 d6 5.Nc3 g6 6.e4 Nf6 7.Bd3 Bg7 8.h3 O-O
9.Nf3 a6 10.a4 Nbd7 11.O-O Qe7 12.Re1 h6 13.Bf4 Nh7 14.Qd2 g5 15.Bg3 Ne5
16.Nxe5 Bxe5 17.Bxe5 Qxe5 18.Nb1 Bd7 19.a5 Rab8 20.Na3 Qd4 21.Qc3 Rfc8 22.Rac1 Qxc3
23.bxc3 Nf6 24.Bf1 Rc7 25.Nc4 Ne8 26.Rb1 Rd8 27.Rb6 Bc8 28.Re3 f6 29.Bd3 Kf8
30.Bc2 Ke7 31.Ba4 Bd7 32.Bxd7 Kxd7 33.g4 Kc8 34.Kg2 h5 35.gxh5 Rh7 36.Rf3 Rxh5
37.Ne3 Rh7 38.Nf5 Rdd7 39.c4 Kc7 40.Rfb3 Kc8 41.Kg3 Rd8 42.Kg4 Rdd7 43.f4 gxf4
44.h4 Rh8 45.h5 Rdh7 46.h6 Rxh6 47.Nxh6 Rxh6 48.Rxb7  1-0

[Event "Dortmund-A"]
[Site "Dortmund"]
[Date "1990.??.??"]
[Round "?"]
[White "Chernin, Alexander"]
[Black "Brunner, Lucas"]
[Result "1-0"]
[WhiteElo "2600"]
[BlackElo "2525"]

1.d4 Nf6 2.c4 e6 3.Nc3 Bb4 4.Qc2 O-O 5.a3 Bxc3+ 6.Qxc3 b6 7.Bg5 Bb7 8.Nh3 h6
9.Bh4 Re8 10.e3 Qe7 11.f3 d5 12.Bd3 Nbd7 13.cxd5 exd5 14.O-O c5 15.Rfe1 Rac8
16.Nf2 cxd4 17.Qxd4 Ne5 18.Bb5 Nc6 19.Bxc6 Rxc6 20.Ng4 Rc4 21.Bxf6 Qe6 22.Qd2 Rxg4
23.fxg4 Qxf6 24.Qf2 Qd6 25.Rad1 Qe6 26.Qf5 Qd6 27.Rd4 Re5 28.Qf2 f6 29.Rc1 Bc6
30.Qc2 Be8 31.Qd3 Qe6 32.Rc3 Rg5 33.Qa6 Kh7 34.Qxa7 h5 35.Rb4 hxg4 36.Qxb6 Qe5
37.Qd4 Qd6 38.Rb6 Qe7 39.Ra6 Bg6 40.Ra7 Qe6 41.Rac7 Re5 42.R7c6 Qf5 43.R6c5 Qe6
44.Rc6 Qf5 45.R3c5 Qh5 46.Qf4 g3 47.hxg3 Qd1+ 48.Qf1 Qd2 49.Qc1 Qe2 50.Rc2 Bxc2
51.Qxc2+ Qxc2 52.Rxc2 Rxe3 53.Rc3 Re2 54.b4 Rb2 55.Rd3 Kg6 56.Kh2 Ra2 57.Rb3 d4
58.b5 Kf5 59.b6 d3 60.b7 d2 61.Rb1  1-0

[Event "Dortmund-A"]
[Site "Dortmund"]
[Date "1990.??.??"]
[Round "?"]
[White "Chernin, Alexander"]
[Black "Boensch, Uwe"]
[Result "1/2-1/2"]
[WhiteElo "2600"]
[BlackElo "2530"]

1.d4 Nf6 2.c4 e6 3.Nc3 d5 4.Bf4 c5 5.Nf3 cxd4 6.Nxd4 Bc5 7.e3 O-O 8.Rc1 Nc6
9.cxd5 Nxd4 10.exd4 Bb4 11.dxe6 Bxe6 12.Be2 Bxa2 13.O-O Be6 14.Bg5 h6 15.Bh4 Be7
16.Re1 Nd5 17.Bxe7 Qxe7 18.Bf3 Qd7 19.Re5 Nxc3 20.bxc3 Bc4 21.Rb1 Rab8 22.Rc5 Be6
23.Qd3 Rfd8 24.Re1 b5 25.d5 Bf5 26.Qd4 a5 27.g4 Bg6 28.d6 b4 29.cxb4 Rxb4
30.Qd5 Rb6 31.Rd1 a4 32.Rc6 Rxc6 33.Qxc6 Qxc6 34.Bxc6 a3 35.d7 a2 36.Ra1 Bb1
37.h3 Kf8 38.Bd5  1/2-1/2

[Event "Dortmund-A"]
[Site "Dortmund"]
[Date "1990.??.??"]
[Round "?"]
[White "Brunner, Lucas"]
[Black "Wahls, Matthias"]
[Result "1/2-1/2"]
[WhiteElo "2525"]
[BlackElo "2565"]

1.e4 e5 2.Nf3 Nc6 3.Bb5 Nf6 4.O-O Nxe4 5.d4 Nd6 6.Bxc6 dxc6 7.dxe5 Nf5 8.Qxd8+ Kxd8
9.Nc3 Be6 10.b3 h6 11.Bb2 Bb4 12.h3 a5 13.Rad1+ Kc8 14.Ne2 a4  1/2-1/2

[Event "Dortmund-A"]
[Site "Dortmund"]
[Date "1990.??.??"]
[Round "?"]
[White "Brunner, Lucas"]
[Black "Stohl, Igor"]
[Result "1-0"]
[WhiteElo "2525"]
[BlackElo "2530"]

1.e4 c5 2.Nf3 d6 3.d4 cxd4 4.Nxd4 Nf6 5.Nc3 a6 6.Bg5 e6 7.f4 Qb6 8.Qd2 Qxb2
9.Rb1 Qa3 10.f5 Nc6 11.fxe6 fxe6 12.Nxc6 bxc6 13.e5 dxe5 14.Bxf6 gxf6 15.Ne4 Qxa2
16.Rd1 Be7 17.Be2 O-O 18.O-O f5 19.Qh6 Rf7 20.Rd3 Rg7 21.Rfd1 fxe4 22.Rd8+ Bxd8
23.Rxd8+ Kf7 24.Qh5+ Kf6 25.Qh4+ Rg5 26.Qh6+ Rg6 27.Qf8+ Kg5 28.g3  1-0

[Event "Dortmund-A"]
[Site "Dortmund"]
[Date "1990.??.??"]
[Round "?"]
[White "Brunner, Lucas"]
[Black "Lobron, Eric"]
[Result "1/2-1/2"]
[WhiteElo "2525"]
[BlackElo "2545"]

1.e4 e6 2.d4 d5 3.Nc3 dxe4 4.Nxe4 Nd7 5.Nf3 Ngf6 6.Bg5 Be7 7.Nxf6+ Bxf6 8.Bxf6 Qxf6
9.Bc4 c5 10.Qe2 O-O 11.O-O-O a6 12.dxc5 Nxc5 13.Qe3 b6 14.Rd6 Rb8 15.Ne5 Bb7
16.Rxb6 Bxg2 17.Rxb8  1/2-1/2

[Event "Dortmund-A"]
[Site "Dortmund"]
[Date "1990.??.??"]
[Round "?"]
[White "Brunner, Lucas"]
[Black "Boensch, Uwe"]
[Result "1/2-1/2"]
[WhiteElo "2525"]
[BlackElo "2530"]

1.e4 c5 2.Nf3 Nc6 3.d4 cxd4 4.Nxd4 Qb6 5.Nb3 Nf6 6.Nc3 e6 7.Bd3 Bb4 8.Bd2 O-O
9.f4 Bxc3 10.Bxc3 Qe3+ 11.Qe2 Qxe2+ 12.Kxe2 e5 13.fxe5 Ng4 14.Nd4 Nxd4+ 15.Bxd4 Re8
16.Bc4 Nxe5 17.Bxe5 Rxe5 18.Rhf1 Re7 19.Ke3 Kf8 20.Rad1 Rb8 21.Rd4 b6 22.Rfd1 Bb7
23.Bd5 Bxd5 24.Rxd5 Rc8 25.c3 Ke8 26.R1d4 Rc6 27.Rh5 h6 28.a4 a6 29.Kd3 Kd8
30.Rf5 Kc7 31.g4 Rce6 32.a5 b5 33.c4 bxc4+ 34.Rxc4+ Rc6 35.Rfc5 Re8 36.b4 Rb8
37.e5 Re8 38.Kd4 Re6 39.Kd5 Rxc5+ 40.Rxc5+ Kd8 41.b5 axb5 42.Rxb5 f6 43.exf6 Rxf6
44.Rb6 Rf2 45.h4 Kc7 46.Rg6 h5 47.g5 Rf5+ 48.Ke4 Rxa5 49.Rxg7 Ra4+ 50.Kf5 Rxh4
51.g6 Rh1 52.Rh7 Rf1+ 53.Kg5 Rg1+ 54.Kf6 Rf1+ 55.Ke7 Rg1 56.Kf7 Rf1+ 57.Ke8 Rg1
58.g7 Kd6 59.Rh6+ Ke5 60.Kf7 Rxg7+ 61.Kxg7 d5  1/2-1/2

[Event "Dortmund-A"]
[Site "Dortmund"]
[Date "1990.??.??"]
[Round "?"]
[White "Browne, Walter S"]
[Black "Chernin, Alexander"]
[Result "0-1"]
[WhiteElo "2560"]
[BlackElo "2600"]

1.d4 d5 2.c4 c6 3.Nc3 Nf6 4.Nf3 dxc4 5.a4 Bf5 6.e3 e6 7.Bxc4 Bb4 8.O-O Nbd7
9.Nh4 Bg6 10.f4 Nd5 11.Nxg6 hxg6 12.Bd2 O-O 13.Qe2 a6 14.Rf3 Re8 15.Rd1 Qa5
16.e4 N5b6 17.Bb3 c5 18.Na2 Bxd2 19.Qxd2 Qxd2 20.Rxd2 a5 21.Nc3 cxd4 22.Nb5 Red8
23.Rxd4 Nc5 24.Nd6 Nxe4 25.Rxe4 Rxd6 26.Re5 Nd7 27.Rg5 b6 28.h4 Rc8 29.h5 gxh5
30.Rxh5 g6 31.Rg5 Rc1+ 32.Kh2 Nc5 33.Re5 Rd2 34.f5 gxf5  0-1

[Event "Dortmund-A"]
[Site "Dortmund"]
[Date "1990.??.??"]
[Round "?"]
[White "Browne, Walter S"]
[Black "Brunner, Lucas"]
[Result "1/2-1/2"]
[WhiteElo "2560"]
[BlackElo "2525"]

1.d4 Nf6 2.c4 e6 3.Nf3 b6 4.g3 Ba6 5.Nbd2 Bb4 6.Qc2 Bb7 7.Bg2 c5 8.dxc5 Bxc5
9.O-O Be7 10.e4 d6 11.e5 dxe5 12.Nxe5 Bxg2 13.Kxg2 O-O 14.Ndf3 Qc7 15.Bf4 Qb7
16.Rad1 Nc6 17.Kg1 Nxe5 18.Nxe5 Rac8 19.Qe2 Rfd8 20.Rxd8+ Rxd8 21.Rd1 Rxd1+
22.Qxd1 h6 23.Qf3 Qxf3 24.Nxf3  1/2-1/2

[Event "Dortmund-A"]
[Site "Dortmund"]
[Date "1990.??.??"]
[Round "?"]
[White "Browne, Walter S"]
[Black "Azmaiparashvili, Zurab"]
[Result "1/2-1/2"]
[WhiteElo "2560"]
[BlackElo "2610"]

1.d4 d6 2.e4 g6 3.Nf3 Bg7 4.Be2 Nf6 5.Nc3 Bg4 6.Be3 Nc6 7.O-O O-O 8.Qd2 e5
9.dxe5 dxe5 10.Rad1 Qc8 11.Qc1 Rd8 12.Rxd8+ Qxd8 13.Rd1 Qf8 14.h3 Bxf3 15.Bxf3 Rd8
16.Nb5 Rxd1+ 17.Qxd1 Qb8 18.c3 Bf8 19.b4 a6 20.Na3 a5 21.b5 Bxa3 22.bxc6 b6
23.Bg5 Kg7 24.Bxf6+  1/2-1/2

[Event "Dortmund-A"]
[Site "Dortmund"]
[Date "1990.??.??"]
[Round "?"]
[White "Boensch, Uwe"]
[Black "Kindermann, Stefan"]
[Result "1/2-1/2"]
[WhiteElo "2530"]
[BlackElo "2560"]

1.d4 c6 2.Nf3 Nf6 3.c4 d5 4.cxd5 cxd5 5.Nc3 Nc6 6.Bf4 Bf5 7.e3 e6 8.Bd3 Bxd3
9.Qxd3 Bd6 10.Bxd6 Qxd6 11.Rc1 O-O 12.O-O Rac8 13.Ne2  1/2-1/2

[Event "Dortmund-A"]
[Site "Dortmund"]
[Date "1990.??.??"]
[Round "?"]
[White "Boensch, Uwe"]
[Black "Browne, Walter S"]
[Result "0-1"]
[WhiteElo "2530"]
[BlackElo "2560"]

1.d4 Nf6 2.c4 e6 3.Nc3 Bb4 4.Qc2 O-O 5.Nf3 c5 6.dxc5 Na6 7.g3 Nxc5 8.Bg2 b6
9.O-O Bb7 10.Nb5 Be4 11.Qd1 Nb7 12.a3 a6 13.axb4 axb5 14.Rxa8 Qxa8 15.cxb5 Nd5
16.Qd4 f5 17.Bf4 d6 18.Ng5 Bxg2 19.Kxg2 Nd8 20.Kg1 h6 21.Bxd6 hxg5 22.Bxf8 Kxf8
23.Rc1 Qb8 24.e4 fxe4 25.Qxe4 Qd6 26.Rc8 Ke7 27.Qd4 e5 28.Qd3 g4 29.Qf5 Nf6
30.Rc1 Ne6 31.Ra1 Qc7 32.Re1 e4 33.Rd1 Kf7 34.Rd5 g6 35.Qe5 Qxe5 36.Rxe5 Ke7  0-1

[Event "Dortmund-A"]
[Site "Dortmund"]
[Date "1990.??.??"]
[Round "?"]
[White "Bischoff, Klaus"]
[Black "Stohl, Igor"]
[Result "1/2-1/2"]
[WhiteElo "2505"]
[BlackElo "2530"]

1.g3 g6 2.Bg2 Bg7 3.c4 c5 4.Nc3 Nc6 5.a3 e6 6.Rb1 a5 7.e4 Nge7 8.Nge2 O-O
9.d3 b6 10.O-O Bb7 11.Be3 Nd4 12.b4 axb4 13.axb4 Bc6 14.Qd2 d6 15.bxc5 bxc5
16.Bxd4 Bxd4 17.Nxd4 cxd4  1/2-1/2

[Event "Dortmund-A"]
[Site "Dortmund"]
[Date "1990.??.??"]
[Round "?"]
[White "Bischoff, Klaus"]
[Black "Gelfand, Boris"]
[Result "1/2-1/2"]
[WhiteElo "2505"]
[BlackElo "2615"]

1.c4 Nf6 2.Nc3 e5 3.e3 Bb4 4.Nge2 O-O 5.a3 Be7 6.Ng3 d5 7.cxd5 Nxd5 8.Qc2 Be6
9.Bd3 g6 10.b4 Nc6 11.Nxd5 Bxd5 12.Bb2 a6 13.O-O Qd7 14.f4 Rad8 15.Rf2 Bb3
16.Qxb3 Qxd3 17.Qxd3 Rxd3 18.fxe5 a5 19.b5 Rb3 20.bxc6 Rxb2 21.cxb7  1/2-1/2

[Event "Dortmund-A"]
[Site "Dortmund"]
[Date "1990.??.??"]
[Round "?"]
[White "Bischoff, Klaus"]
[Black "Brunner, Lucas"]
[Result "1/2-1/2"]
[WhiteElo "2505"]
[BlackElo "2525"]

1.Nf3 Nf6 2.d4 e6 3.e3 b6 4.Bd3 Bb7 5.O-O Be7 6.c4 O-O 7.b3 c5 8.Nbd2 cxd4
9.exd4 d5 10.Qe2 Nc6 11.Bb2 Re8 12.Rfe1 Rc8 13.Rad1 Bf8 14.Qe3 Ne7 15.Ne5 Nf5
16.Qh3 g6 17.Ndf3 Rc7 18.Bc1 Bg7 19.c5 bxc5 20.dxc5 Rxc5 21.Bg5 Qc8 22.Bxf6 Bxf6
23.Nxf7 Re7 24.Bxf5  1/2-1/2

[Event "Dortmund-A"]
[Site "Dortmund"]
[Date "1990.??.??"]
[Round "?"]
[White "Bischoff, Klaus"]
[Black "Boensch, Uwe"]
[Result "1/2-1/2"]
[WhiteElo "2505"]
[BlackElo "2530"]

1.d4 d5 2.Nf3 Nf6 3.c4 e6 4.Nc3 Be7 5.Bg5 O-O 6.e3 h6 7.Bh4 b6 8.Bd3 Bb7
9.Bxf6 Bxf6 10.cxd5 exd5 11.b4 c5 12.bxc5 bxc5 13.Rb1 Bc6 14.O-O  1/2-1/2

[Event "Dortmund-A"]
[Site "Dortmund"]
[Date "1990.??.??"]
[Round "?"]
[White "Azmaiparashvili, Zurab"]
[Black "Wahls, Matthias"]
[Result "1-0"]
[WhiteElo "2610"]
[BlackElo "2565"]

1.g3 g6 2.Bg2 Bg7 3.Nf3 Nf6 4.c4 O-O 5.O-O c6 6.b3 Ne4 7.d4 d5 8.Bb2 Nd7
9.Qc2 Ndf6 10.Ne5 Bf5 11.Qc1 Nd7 12.f3 Nd6 13.Nd2 Be6 14.e4 a5 15.Nd3 Re8
16.Nc5 Nxc5 17.dxc5 Bxb2 18.Qxb2 Nc8 19.cxd5 cxd5 20.f4 Qc7 21.Rac1 dxe4
22.Nxe4 Na7 23.Ng5 Bf5 24.g4 Bxg4 25.Bd5 Rf8 26.f5 gxf5 27.Rc4 h5 28.Rxg4 hxg4
29.Rxf5 e6 30.Ne4 Rfd8 31.Rh5 e5 32.Rxe5 Nc6 33.Rg5+ Kf8 34.Qh8+ Ke7 35.Qf6+ Kd7
36.Qf5+ Ke7 37.Qxf7+  1-0